| 000 | 00588cab a2200229 4500 | ||
|---|---|---|---|
| 001 | ABS68616 | ||
| 008 | 050124n2005 000 0 eng u | ||
| 035 | _a(Sirsi) u128587 | ||
| 100 | _aChesters, L. | ||
| 245 | _aProperty nation: Channel Islands | ||
| 260 | _c2005 | ||
| 490 |
_aProperty Week _v70(1) 7 January 2005, 41-48(5) |
||
| 590 | _aABS | ||
| 650 | _aGUERNSEY | ||
| 650 | _aJERSEY | ||
| 650 | _aRETAIL | ||
| 650 | _aHOSPITALITY INDUSTRY | ||
| 650 | _aWHOLESALE | ||
| 650 | _aMEDIA | ||
| 690 | _aPROPERTY-COMMERCIAL PROPERTY-COMMERCIAL PROPERTY MARKET | ||
| 942 | _n0 | ||
| 999 |
_c74742 _d74742 |
||